| 000 | 01297cam a2200349 i 4500 | ||
|---|---|---|---|
| 001 | 41613 | ||
| 003 | Mx-PuUPA | ||
| 005 | 20250625075159.0 | ||
| 008 | 140415s2012 mx gr 000 0 spa d | ||
| 020 | _a97860711197117 | ||
| 040 |
_aMx-PuUPA _bspa _cMx-PuUPA _dMx-PuUPA _erda |
||
| 041 | 1 |
_aspa _hund |
|
| 100 | 1 |
_aDarwin, Charles, _d1809-1882 _9906 _eautor |
|
| 245 | 1 | 0 |
_aSobre la selección natural / _cCharles Darwin ; traducción de Aníbal Froufe |
| 250 |
_aPrimera edición / _babril |
||
| 264 | 1 |
_aMéxico, D.F. : _bEditorial EDAF, _c2012 |
|
| 300 |
_a157 páginas ; _c18 cm |
||
| 336 |
_2rdacontent _atexto _btxt |
||
| 337 |
_2rdamedia _asin medio _bn |
||
| 338 |
_2rdacarrier _avolumen _bnc |
||
| 490 | 0 |
_aTaurus Great ideas _v1 |
|
| 500 | _a"Se han desarrollado y se están desarrollando, a partir de un comienzo tan sencillo, infinidad de formas cada vez más bellas y maravillosas". --Cubierta | ||
| 500 | _a"Extracto de El origen de las especies" .-- Portada | ||
| 650 | 7 |
_2armarc _aEvolución |
|
| 650 | 7 |
_2armarc _aEvolución (Biología) |
|
| 650 | 7 |
_2armarc _aSelección natural |
|
| 650 | 7 |
_2armarc _aEvolución humana |
|
| 700 | 1 |
_aFroufe, Aníbal, _etraductor |
|
| 942 |
_2ddc _cLI _h576.8 _iD2218 |
||
| 998 | _Cavdi | ||
| 999 |
_c41613 _d41613 |
||